Statistics for Profile of Brazil Quiz

Click here to take the quiz!

General Stats

  • This quiz has been taken 2,045 times
    (2,044 since last reset)
  • The average score is 22 of 28

Answer Stats

HintAnswer% Correct
Official LanguagePortuguese
96%
A person from Brazil is called aBrazilian
95%
Largest CitySao Paulo
95%
Largest RiverAmazon River
94%
Border CountryArgentina
94%
Border CountryParaguay
92%
Border CountryUruguay
92%
Border CountryBolivia
90%
Border CountryColombia
90%
Main Flag ColorGreen
90%
Border CountryPeru
90%
Drives on this side of the roadRight
90%
Border CountryVenezuela
89%
Main Flag ColorYellow
89%
Main Flag ColorBlue
88%
Border CountrySuriname
87%
Located next to this OceanAtlantic Ocean
84%
Border CountryGuyana
81%
Famous song, "The Girl from ________"Ipanema
77%
CurrencyReal
77%
"Thank You" in Brazil's official languageObrigado
72%
Host of the Summer Olympic Games in this Year2016
71%
Border CountryFrance (French Guiana)
67%
National CocktailCaipirinha
64%
MottoOrdem e Progresso
55%
Martial art used by many Brazilian Ultimate FightersBrazilian Jiu-Jitsu
50%
Liquor native to BrazilCachaça
48%
This sport combines beach volleyball with soccerFootvolley
28%

Score Distribution

Percentile by Number Answered

Percent of People with Each Score

Your Score History

You have not taken this quiz since the last reset